000 00400nam a2200157Ia 4500
999 _c404
_d404
003 OSt
005 20190927183953.0
008 190722s9999 xx 000 0 und d
020 _a978-8180522147
040 _cmaju
100 _aRinku Sanjeev / Parul Khanna
245 0 _aEthics and Values in Business Management
260 _aNew Delhi
_bAnn Books Pvt. Ltd.
_c2009
300 _a257
942 _cBK
_2ddc